إدارة المصارف التجارية : (رقم التسجيلة. 28075)
[ عرض عادي ]
| 000 -الفاتح | |
|---|---|
| حقل البيانات ثابتة الطول | 00756nam a2200193 a 4500 |
| 003 - محدد رقم الضبط | |
| رقم الضبط | OSt |
| 005 - وقت وتاريخ اخر تعامل مع التسجيلة | |
| رقم الضبط | 20150408114119.0 |
| 008 - عناصر البيانات ثابتة الطول - معلومات عامة | |
| حقل البيانات ثابتة الطول | 130224s2013 iq ad g b 000 0 ara d |
| 020 ## - الرقم الدولى المعيارى للكتب | |
| الرقم الدولى المعيارى للكتاب | 9786589098010 |
| 040 ## - مصدر الفهرسة | |
| وكالة الفهرسة الأصلية | Ma-Un |
| 082 04 - رقم تصنيف ديوى العشرى | |
| رقم الطبعة | 21 |
| رقم التصنيف | 332.12068 |
| رقم المادة | ع أ إ |
| 100 1# - المدخل الرئيسى - إسم شخصى | |
| الإسم الشخصى | العلي، أسعد حميد عبيد. |
| 9 (RLIN) | 21628 |
| 245 10 - بيان العنوان | |
| العنوان | إدارة المصارف التجارية : |
| بقية العنوان | مدخل إدارة المخاطر / |
| بيان المسئوليه,etc | أسعد حميد العلي. |
| 260 ## - PUBLICATION, DISTRIBUTION, ETC. (IMPRINT) | |
| مكان الناشر او الموزع | بغداد : |
| اسم الناشر او الموزع | الذاكرة للنشر والتوزيع، |
| تاريخ النشر أو التوزيع | 2013 |
| -- | [1434] |
| 300 ## - الوصف المادى | |
| التعداد | 526 ص. : |
| تفاصيل ماديه اخرى للوعاء | جداول، رسوم بيانية ؛ |
| أبعاد الوعاء | 24 سم. |
| 504 ## - تبصرة ببليوجرافية | |
| تبصرة ببليوجرافية,الخ | ببليوجرافية : ص. 505-512. |
| 650 #7 - المدخل الاضافى بالموضوع-مصطلح موضوعى | |
| مصطلح موضوعي أو اسم جغرافي كعنصر مدخل | البنوك التجارية |
| 9 (RLIN) | 21630 |
| التقسيم الفرعي العام | إدارة |
| مصدر الرأس أو المصطلح | aucsh |
| 942 ## - عناصر المدخل الإضافي( كوها) | |
| مصدر التصنيف او مخطط الترفيف | Dewey Decimal Classification |
| Koha [default] item type | كتاب |
| حالة الفقد | نموذج السعر الفعال | حالة تلف | ليس للاعارة | رقم الطلب | رقم النسخة | تاريخ الاكتساب | الموقع الحالي | الباركود | الفرع الرئيسي | Date last seen | نوع المادة فى نظام كوها | مصدر التصنيف او خطة الترفيف | Total Checkouts | Date last checked out |
|---|---|---|---|---|---|---|---|---|---|---|---|---|---|---|
| 2013-03-26 | Not For Loan | 332.12068 ع أ إ | 1 | 2013-03-26 | المكتبة المركزية بالمجمعة (CL) | 00204651 | المكتبة المركزية بالمجمعة (CL) | 2013-03-26 | كتاب | Dewey Decimal Classification | ||||
| 2013-03-26 | 332.12068 ع أ إ | 2 | 2013-03-26 | المكتبة المركزية بالمجمعة (CL) | 00204652 | المكتبة المركزية بالمجمعة (CL) | 2013-03-26 | كتاب | Dewey Decimal Classification | |||||
| 2013-03-26 | 332.12068 ع أ إ | 3 | 2013-03-26 | المكتبة المركزية بالمجمعة (CL) | 00204653 | المكتبة المركزية بالمجمعة (CL) | 2014-09-10 | كتاب | Dewey Decimal Classification | 1 | 2014-09-10 | |||
| 2013-03-23 | Not For Loan | 332.12068 ع أ إ | 1 | 2013-03-23 | مكتبة مجمع الكليات بالزلفى - طلاب (SZM) | 00202993 | مكتبة مجمع الكليات بالزلفى - طلاب (SZM) | 2013-03-23 | كتاب | Dewey Decimal Classification | ||||
| 2013-03-23 | 332.12068 ع أ إ | 2 | 2013-03-23 | مكتبة مجمع الكليات بالزلفى - طلاب (SZM) | 00202992 | مكتبة مجمع الكليات بالزلفى - طلاب (SZM) | 2013-03-23 | كتاب | Dewey Decimal Classification |
